František Hudeček : výběr z díla : červenec-září 1985 /

Hlavní autor: Hudeček, František, 1909-1990
Další autoři: Škranc, Pavel, 1957-
Jazyk: Čeština
Vydáno: Kroměříž : Muzeum Kroměřížska, 1985
Témata:
Fyzický popis: 1 svazek (nestránkováno) + 1 příloha (Seznam vystavených obrazů)
Knihy
Uloženo v:
LEADER 01251nam a22003372i 4500
001 001539359
003 CZ BrMZK
005 20170125082322.0
007 ta
008 160812s1985 xr erc|||||||||dcze d
040 |a PNA001  |b cze  |d BOA001  |e rda 
045 |a x-x- 
072 7 |a 72/76  |x Výtvarné umění  |2 Konspekt  |9 21 
080 |a 72/76(437.3)  |2 MRF 
080 |a (083.824)  |2 MRF 
100 1 |a Hudeček, František,  |d 1909-1990  |7 jk01043203  |4 art 
245 1 0 |a František Hudeček :  |b výběr z díla : červenec-září 1985 /  |c text Pavel Škranc 
264 1 |a Kroměříž :  |b Muzeum Kroměřížska,  |c 1985 
300 |a 1 svazek (nestránkováno) +  |e 1 příloha (Seznam vystavených obrazů) 
336 |a text  |b txt  |2 rdacontent 
337 |a bez média  |b n  |2 rdamedia 
338 |a svazek  |b nc  |2 rdacarrier 
600 1 7 |a Hudeček, František,  |d 1909-1990  |7 jk01043203 
648 7 |a 20. století  |7 ch460558 
650 0 7 |a české výtvarné umění  |7 ph116865  |y 20. století  |2 czenas 
655 7 |a katalogy výstav  |7 fd132536  |2 czenas 
700 1 |a Škranc, Pavel,  |d 1957-  |7 ntka174589  |4 wfw 
910 |a BOA001  |b X-0891.402 
990 |a BK 
991 |b 201608 
996 6 |b 2619170552  |c X-0891.402  |l MZK  |r Sklad / do 24 hodin  |n 1  |w 001574602  |u 000010  |a 1  |e BOA001  |j MZK50  |s P